00764nam a22002057a 450000500170000001000150001702000260003203500140005803700090007208200080008124500970008926000390018627000420022530000200026770000400028770000380032794200220036599900190038795201520040620241216120818.0 aENG-143091 a9788180642739c100.00 aEN-126623 bDBAD a351 aGood Governanace:cEdited By Mrinal Kanti Basak [and] Riki ChakrabortybSome Ethical Issues/ aTamil NadubSri Kamal Mitra c2018 a37A, College Street bKolkatae700073 a134p.c22cm(hb) aBasak, Mrinal Kanti dEditor975193 aChakraborty, Riki eEditor975194 2ddccENh351mGOO c207713d207713 001040718NFICaDBADbDBADd2024-12-16eDelivery of Books Divisiong100.00l0o351 GOOpEN-126623r2024-12-16 00:00:00t1v100.00w2024-12-16yEN